00646cam a22002171 4500001001300000003000400013005001700017008004100034010001700075035001800092040001800110042001200128050002100140100002700161245011200188250001300300260003700313300002700350650003400377999001700411sa 68018596 DLC20260227112713.0730319s1964 xx 000 0 ind  asa 68018596  a(OCoLC)582811 aDLCcOAUdDLC apremarc00aPL5075b.I4 19641 aIljas, Nj. Johanisoen.10aAnggia Murni;bbatjaan remadja,coleh Nj. Johanisoen Iljas, Diberi bergambar 5 buah oleh Iljas St. M. Kajo. aTjet. 3. aDjakarta,bBalai Pustaka,c1964. a160 p.billus.c19 cm. 0aIndonesian languagexReaders. c88528d88528